Daily Capital City Riddle #103 - Statistics

General Stats
  • This quiz has been taken 41 times
  • The average score is 26 of 35
Answer Stats
Type Answer % Correct
Alphabet Letter I
100%
Alphabet Letter N
100%
Found Letter A
97%
Alphabet Letter B
97%
Found Letter C
97%
Alphabet Letter E
97%
Alphabet Letter O
97%
Alphabet Letter R
97%
Alphabet Letter T
97%
Correctly Placed Letter A
94%
Found Letter D
94%
Found Letter S
94%
Found Letter M
90%
Alphabet Letter G
87%
Alphabet Letter H
87%
Correctly Placed Letter A
84%
Alphabet Letter L
84%
Found Letter U
81%
Alphabet Letter K
77%
Alphabet Letter P
77%
Alphabet Letter W
77%
Alphabet Letter Y
68%
Alphabet Letter J
65%
Correctly Placed Letter S
61%
Alphabet Letter V
61%
Correctly Placed Letter D
55%
Alphabet Letter X
55%
Correctly Placed Letter S
52%
Alphabet Letter Z
48%
Correctly Placed Letter C
45%
Alphabet Letter F
45%
Correctly Placed Letter M
45%
Alphabet Letter Q
45%
Mystery Capital Damascus
42%
Correctly Placed Letter U
42%
No matching quizzes found
Score Distribution
Percent of People with Each Score
Percentile by Number Answered
Your Score History
You have not taken this quiz